| 000 | 00565nam a22001937a 4500 | ||
|---|---|---|---|
| 003 | OSt | ||
| 005 | 20141027110052.0 | ||
| 008 | 130204t xxu||||| |||| 00| 0 eng d | ||
| 020 | _a9789715090698 | ||
| 050 |
_aHF 5635 _b.B345 2011 |
||
| 082 | _aHF5635 | ||
| 100 | _aBaysa, Gloria Tolentino | ||
| 245 |
_aAdvanced accounting : _cGloria J. Tolentino-Baysa, Ma. Concepcion Yamat Lupisan _bpart 2 / |
||
| 250 | _b2011 ed. | ||
| 260 |
_aMandaluyong City : _bMillennium Books, _c2009. |
||
| 300 |
_a303 p. : _c27cm _bill. ; |
||
| 942 |
_2lcc _cBK _kLOC |
||
| 999 |
_c17768 _d17768 |
||